Algunas consideraciones sobre métodos de enseñanza en la educación superior/ por Margarita Suárez Alonso...(et al.) (Record no. 134403)

MARC details
000 -CABECERA
campo de control de longitud fija 00604nam a2200169 a 4500
005 - FECHA Y HORA DE LA ÚLTIMA TRANSACCIÓN
campo de control 20210219160300.0
008 - ELEMENTOS DE LONGITUD FIJA--INFORMACIÓN GENERAL
campo de control de longitud fija 081006s2000 mx r 000 0 spa d
035 ## - NÚMERO DE CONTROL DEL SISTEMA
Número de control de sistema UPN01000162290
049 ## - COLECCIÓN
Colección UNE
080 ## - NÚMERO DE CLASIFICACIÓN DECIMAL UNIVERSAL
Número de la Clasificación Decimal Universal 378.147 (729.1) "1988" ALG.
245 00 - MENCIÓN DE TÍTULO
Título Algunas consideraciones sobre métodos de enseñanza en la educación superior/ por Margarita Suárez Alonso...(et al.)
260 ## - PUBLICACIÓN, DISTRIBUCIÓN, ETC.
Lugar de publicación, distribución, etc. Matanzas, Cuba : Ministerio de Educación Superior, 1988.
300 ## - DESCRIPCIÓN FÍSICA
Extensión 82 p.
690 ## - PUNTO DE ACCESO ADICIONAL DE MATERIA LOCAL--TÉRMINO DE MATERIA (OCLC, RLIN)
Término de materia o nombre geográfico como elemento inicial Enseñanza superior- Metodos de enseñanza- Cuba
700 1# - ASIENTO SECUNDARIO--NOMBRE DE PERSONAL
Nombre de persona Suárez Alonso, Margarita, coaut.
905 ## - TIPO DE MATERIAL
Tipo de material UNESCO

No items available.